Sustainable Development: (Record no. 205484)

MARC details
000 -LEADER
fixed length control field 00968nam a22002297a 4500
003 - CONTROL NUMBER IDENTIFIER
control field dpl
005 - DATE AND TIME OF LATEST TRANSACTION
control field 20240909110845.0
008 - FIXED-LENGTH DATA ELEMENTS--GENERAL INFORMATION
fixed length control field 231221b |||||||| |||| 00| 0 eng d
010 ## - LIBRARY OF CONGRESS CONTROL NUMBER
LC control number ENG-141568
020 ## - INTERNATIONAL STANDARD BOOK NUMBER
International Standard Book Number 9789380156736
Terms of availability 995.00
035 ## - SYSTEM CONTROL NUMBER
System control number EN-125100
037 ## - SOURCE OF ACQUISITION
Source of stock number/acquisition DBAD
040 ## - CATALOGING SOURCE
Transcribing agency 0
082 ## - DEWEY DECIMAL CLASSIFICATION NUMBER
Classification number 333.7
100 ## - MAIN ENTRY--PERSONAL NAME
Personal name Roy, M. K. Ghosh
9 (RLIN) 70408
245 ## - TITLE STATEMENT
Title Sustainable Development:
Remainder of title Enviroment, Energy & Water Resources/
Statement of responsibility, etc By M. K. Ghosh Roy
260 ## - PUBLICATION, DISTRIBUTION, ETC. (IMPRINT)
Place of publication, distribution, etc New Delhi
Name of publisher, distributor, etc Ane Books Pvt. Ltd.
Date of publication, distribution, etc 2011
270 ## - ADDRESS
Address 4821, Parwana Bhawan, 24, Ansari Road, Daryaganj
City New Delhi
Postal code 110002
State or province New Delhi
Country India
Telephone number 91-11-23276843
-- 91-11-23276844
Electronic mail address anebooks@vsnl.net
Fax number 91-011-23276863
300 ## - PHYSICAL DESCRIPTION
Extent 361p.
Dimensions 24cm(pb)
942 ## - ADDED ENTRY ELEMENTS (KOHA)
Koha item type English Books
Classification part 333.7
Call number suffix ROY
Source of classification or shelving scheme Dewey Decimal Classification
Holdings
Withdrawn status Lost status Source of classification or shelving scheme Damaged status Not for loan Collection code Home library Current library Date acquired Source of acquisition Cost, normal purchase price Total Checkouts Full call number Barcode Date last seen Copy number Cost, replacement price Price effective from Koha item type
    Dewey Decimal Classification     Non-fiction Sarojini Nagar Sarojini Nagar 03/09/2024 DBAD 995.00   333.7 ROY EN-125100 03/09/2024 1 995.00 03/09/2024 English Books

© Delhi Public Library
Hit Counter
free hit counter